Macroeconomics impacts of energy shocks
Salvato in:
| Altri autori: | , , |
|---|---|
| Natura: | Libro |
| Lingua: | inglese |
| Pubblicazione: |
Amsterdam
North-Holland
1987
|
| Serie: | Contributions to economic analysis
163 |
| Soggetti: | |
| Tags: |
Nessun Tag, puoi essere il primo ad aggiungerne!!
|
MARC
| LEADER | 00000nam a2200000 4500 | ||
|---|---|---|---|
| 001 | c101015 | ||
| 005 | 20221123135445.2 | ||
| 020 | |a 0-444-70247-4 | ||
| 041 | 0 | |a eng | |
| 044 | |a NL | ||
| 245 | 1 | 0 | |a Macroeconomics impacts of energy shocks |c Edited by: Bert G. Hickman, Hillard G. Huntington and James L. Sweeney |
| 264 | 1 | |a Amsterdam |b North-Holland |c 1987 | |
| 300 | |a 331 s. | ||
| 490 | 1 | |a Contributions to economic analysis |v 163 | |
| 830 | 0 | |a Contributions to economic analysis |v 163 | |
| 610 | 2 | 0 | |a makroekonomika |
| 610 | 2 | 0 | |a energia |
| 610 | 2 | 0 | |a modely makroekonomické |
| 610 | 2 | 0 | |a štúdie |
| 610 | 2 | 0 | |a štruktúra ekonomická |
| 610 | 2 | 0 | |a nafta |
| 610 | 2 | 0 | |a ceny |
| 610 | 2 | 0 | |a zdroje energie |
| 610 | 2 | 0 | |a kríza |
| 610 | 2 | 0 | |a analýza ekonomická |
| 610 | 2 | 0 | |a produkt národný hrubý |
| 610 | 2 | 0 | |a politika medzinárodná |
| 700 | 1 | |a Hickman, Bert G. | |
| 700 | 1 | |a Huntington, Hillard G. | |
| 700 | 1 | |a Sweeney, James L. | |